ბათუმის შოთა რუსთაველის სახელმწიფო უნივერსიტეტის ბიბლიოთეკა

თხზულებანი ერთ ტომად (ბიბ.ჩანაწერი № 42439)

000 -LEADER
fixed length control field 00931nam a2200217Ia 4500
001 - CONTROL NUMBER
control field 9135
003 - CONTROL NUMBER IDENTIFIER
control field GE_BSU
008 - FIXED-LENGTH DATA ELEMENTS--GENERAL INFORMATION
fixed length control field 181216s||||||||xx |||||||||||||| ||und||
040 ## - CATALOGING SOURCE
Transcribing agency GE_BSU
080 ## - UNIVERSAL DECIMAL CLASSIFICATION NUMBER
Universal Decimal Classification number 821.353.1-32
100 ## - MAIN ENTRY--PERSONAL NAME
Personal name ლომოური,ნიკო
245 ## - TITLE STATEMENT
Title თხზულებანი ერთ ტომად
245 ## - TITLE STATEMENT
Remainder of title მოთხრობები
245 ## - TITLE STATEMENT
Statement of responsibility, etc. შეადგინა,წინასიტყვ.და შენიშვნები დაურთო იოსებ ბოცვაძემ;სარედ:კოლ:რევაზ ინანიშვილი და სხვ.რედ:მ.ზუბადალაშვილი;მხატვ:გ.გორდელაძე
260 ## - PUBLICATION, DISTRIBUTION, ETC.
Place of publication, distribution, etc. თბილისი.
260 ## - PUBLICATION, DISTRIBUTION, ETC.
Name of publisher, distributor, etc. ნაკადული.
260 ## - PUBLICATION, DISTRIBUTION, ETC.
Date of publication, distribution, etc. 1971.
300 ## - PHYSICAL DESCRIPTION
Extent 192გვ;21სმ.
653 ## - INDEX TERM--UNCONTROLLED
Uncontrolled term მოთხრობები
942 ## - ADDED ENTRY ELEMENTS (KOHA)
Koha item type წიგნი
ეგზემპლარები
Withdrawn status Lost status Damaged status Not for loan Date acquired Barcode Date last seen Price effective from Koha item type Public note
        2018-12-17 31806 2018-12-17 2018-12-17 წიგნი  
        2018-12-17 31807 2018-12-17 2018-12-17 წიგნი  
        2018-12-17 22342 2018-12-17 2018-12-17 წიგნი აგრარული ტექ.ფაკ.